000
00279nam a2200121Ia 4500
005
20251222144843.0
008
251222s9999||||xx |||||||||||||| ||spa||
082
_a
610/U89/T.II
245
0
_a
Simulacro Tipo Residentado:
250
_a
1ra. ed.
264
_b
Du graf
942
_c
LIB
999
_c
21289
_d
21289